000 00438nam a2200145Ia 4500
005 20240618013524.0
008 240331s9999 xx 000 0 und d
082 _bGAN
_a891.48
100 _aGanesalingan, s
245 0 _aBagavath geethaiyum thirukuralum
_cS. Ganeshalingan
260 _aChennai
_bKumaran Publishers
_c2003
300 _a240 p ..,
500 _aA Comparatives Study of Bhagavath Geeta and Thirukkural in Tamil.
942 _cL
999 _c3896
_d3896